Official Languages of Countries #10 - Statistics

General Stats
  • This quiz has been taken 24 times
    17 since last reset
  • The average score is 6 of 40
Answer Stats
Country Language % Correct
Albania Albanian
94%
Bolivia Spanish
94%
Solomon Islands English
88%
Niger French
75%
Bolivia Aymara
38%
Bolivia Guaraní
38%
Bolivia Araona
6%
Bolivia Ayoreo
6%
Bolivia Baure
6%
Bolivia Canichana
6%
Bolivia Cavineña
6%
Bolivia Cayubaba
6%
Bolivia Chácobo
6%
Bolivia Chimane
6%
Bolivia Chipaya
6%
Bolivia Ese Ejja
6%
Bolivia Guarayu
6%
Bolivia Ignaciano
6%
Bolivia Itonama
6%
Bolivia Kallawaya
6%
Bolivia Leco
6%
Bolivia Mashco Piro
6%
Bolivia Matsiguenga
6%
Bolivia Mòoré
6%
Bolivia Pacahuara
6%
Bolivia Pauserna
6%
Bolivia Puquina
6%
Bolivia Quechuan
6%
Bolivia Sirionó
6%
Bolivia Tacana
6%
Bolivia Tapieté
6%
Bolivia Toromono
6%
Bolivia Trinitario
6%
Bolivia Wichí Lhamtés Nocten
6%
Bolivia Yaminawa
6%
Bolivia Yuqui
6%
Bolivia Yuracaré
6%
Bolivia Movie
0%
Bolivia Paraguayan Guaraní
0%
Bolivia Reyesano
0%
No matching quizzes found
Score Distribution
Percent of People with Each Score
Percentile by Number Answered
Your Score History
You have not taken this quiz since the last reset